Sergei Eisenstein (Record no. 45340)

MARC details
000 -Etiqueta do registo
Valores 00498nam a2200181 4500
100 ## - Dados gerais de processamento
Dados gerais 20251222 pory50
101 ## - Língua de publicação
Língua por
102 ## - País de publicação
País PT
200 ## - Titulo e menção de responsabilidade
Título próprio Sergei Eisenstein
Primeira menção de responsabilidade Stéphane Bouquet
210 ## - Publicação
Local de publicação [S.l.]
Nome do editor Cahiers du Cinema
-- Prisa Innova , dist. Público
Data de publicação [cop. 2008]
215 ## - Descrição física 
Paginação / Volumes 93, [3]p.
Outras indicações físicas il.
225 ## - Colecção 
Título próprio da colecção Grandes realizadores
Indicação de volume 23
600 ## - Nome de pessoa usado como assunto
Apelido Eisesenstein,
Nome Serguei
Elementos de identificação realizado de cinema
675 ## - CDU
Notação 791.63
801 ## - Fonte de origem
País PT
Regras de catalogação RPC
990 ## - Elementos KOHA
Tipo de documento Livro
Holdings
Aquisição Empréstimo Código de barras Cota Permissão de empréstimo Tipo de documento Nota relativa ao exemplar
Biblioteca Municipal de Redondo Biblioteca Municipal de Redondo 056090 791.63 EIS Consulta presencial Livro Grandes realizadores: Sergei Eisenstein

Powered by Koha